Synthetic multivalent molecules : Concepts and biomedical applications
For educators, graduate students, and researchers in academic and the pharmaceutical industry, Choi, himself a chemist in the industry, describes the molecules, which are now accepted as an effective strategy for designing ligands, inhibitors, and drugs that influence biological systems potently and...
Saved in:
| Main Author: | |
|---|---|
| Format: | Book |
| Language: | Undetermined |
| Published: |
Hoboken, N.J.
John Wiley & Sons, Inc.
2004
|
| Subjects: | |
| Tags: |
Add Tag
No Tags, Be the first to tag this record!
|
| Institutions: | Trung tâm Học liệu Trường Đại học Cần Thơ |
|---|
| LEADER | 01450nam a2200229Ia 4500 | ||
|---|---|---|---|
| 001 | CTU_125252 | ||
| 008 | 210402s9999 xx 000 0 und d | ||
| 020 | |c 1851500 | ||
| 082 | |a 615.31 | ||
| 082 | |b C545 | ||
| 100 | |a Choi, Seok-ki | ||
| 245 | 0 | |a Synthetic multivalent molecules : | |
| 245 | 0 | |b Concepts and biomedical applications | |
| 245 | 0 | |c Seok-ki Choi | |
| 260 | |a Hoboken, N.J. | ||
| 260 | |b John Wiley & Sons, Inc. | ||
| 260 | |c 2004 | ||
| 520 | |a For educators, graduate students, and researchers in academic and the pharmaceutical industry, Choi, himself a chemist in the industry, describes the molecules, which are now accepted as an effective strategy for designing ligands, inhibitors, and drugs that influence biological systems potently and selectively. He begins by reviewing multivalent interactions in biological systems and the role in them of both natural and synthetic multivalent molecules. Then he looks at the design concept, synthesis, and biological activity of molecules designed to target viruses, bacteria, and mammalian-cells. He closes by summarizing various aspects of synthetic methods used to synthesize multivalent molecules, including combinatorial approaches developed in library design | ||
| 650 | |a Multivalent molecules,Multivalent molecules,Multivalent molecules | ||
| 650 | |x Synthesis.,Design,Physiological effect. | ||
| 904 | |i Minh | ||
| 980 | |a Trung tâm Học liệu Trường Đại học Cần Thơ | ||